Normal view
MARC view
Entry Geographic Name
001 - CONTROL NUMBER
- control field: 29134
003 - CONTROL NUMBER IDENTIFIER
- control field: dpl
005 - DATE AND TIME OF LATEST TRANSACTION
- control field: 20110701160820.0
008 - FIXED-LENGTH DATA ELEMENTS
- fixed length control field: 110701|||a|||||| | ||| d
040 ## - CATALOGING SOURCE
- Original cataloging agency: dpl
- Transcribing agency: dpl
151 ## - HEADING--GEOGRAPHIC NAME
- Geographic name: India
- General subdivision: Description and travel.
670 ## - SOURCE DATA FOUND
- Source citation: Work cat.: (dpl): Agarwal, malti 29133, Basic Technical Communication-1 /, 2010
670 ## - SOURCE DATA FOUND
- Source citation: Work cat.: (dpl): Agarwal, malti 29133, Basic Technical Communication-1 /, 2010
